<?xml version="1.0" encoding="UTF-8"?>
<record
    xmlns:xsi="http://www.w3.org/2001/XMLSchema-instance"
    xsi:schemaLocation="http://www.loc.gov/MARC21/slim http://www.loc.gov/standards/marcxml/schema/MARC21slim.xsd"
    xmlns="http://www.loc.gov/MARC21/slim">

  <leader>00886nam a22002417a 4500</leader>
  <controlfield tag="005">20250919092938.0</controlfield>
  <controlfield tag="008">250919b        |||||||| |||| 00| 0 eng d</controlfield>
  <datafield tag="017" ind1=" " ind2=" ">
    <subfield code="a">LD.2719</subfield>
  </datafield>
  <datafield tag="018" ind1=" " ind2=" ">
    <subfield code="a">2025</subfield>
  </datafield>
  <datafield tag="020" ind1=" " ind2=" ">
    <subfield code="a">978978058x</subfield>
  </datafield>
  <datafield tag="040" ind1=" " ind2=" ">
    <subfield code="a">NLN</subfield>
    <subfield code="b">English</subfield>
    <subfield code="e">AACR2</subfield>
  </datafield>
  <datafield tag="050" ind1=" " ind2=" ">
    <subfield code="a">HM571</subfield>
    <subfield code="b">.N277</subfield>
  </datafield>
  <datafield tag="082" ind1=" " ind2=" ">
    <subfield code="a">301.721</subfield>
  </datafield>
  <datafield tag="110" ind1=" " ind2=" ">
    <subfield code="a">NATIONAL Open University of Nigeria</subfield>
    <subfield code="9">19990</subfield>
  </datafield>
  <datafield tag="245" ind1=" " ind2=" ">
    <subfield code="a">NSC 210 : </subfield>
    <subfield code="b">introduction to sociology /</subfield>
    <subfield code="c">National Open University of Nigeria</subfield>
  </datafield>
  <datafield tag="260" ind1=" " ind2=" ">
    <subfield code="a">Jabi, Abuja ( National Open University of Nigeria Headquarters University Village, Plot 91, Cadastral Zone, Nnamdi Azikwe Expressway) : </subfield>
    <subfield code="b">National Open University of Nigeria Press,</subfield>
    <subfield code="c">2023</subfield>
  </datafield>
  <datafield tag="300" ind1=" " ind2=" ">
    <subfield code="a">vi, 131p. :</subfield>
    <subfield code="b">ill. ; 29cm.</subfield>
  </datafield>
  <datafield tag="500" ind1=" " ind2=" ">
    <subfield code="a">Includes bibliographical references </subfield>
  </datafield>
  <datafield tag="563" ind1=" " ind2=" ">
    <subfield code="a">(pbk.)</subfield>
  </datafield>
  <datafield tag="650" ind1=" " ind2=" ">
    <subfield code="a">Sociology</subfield>
    <subfield code="v">Study and teaching (Higher)</subfield>
    <subfield code="9">8047</subfield>
  </datafield>
  <datafield tag="650" ind1=" " ind2=" ">
    <subfield code="a">Sociology</subfield>
    <subfield code="9">3983</subfield>
  </datafield>
  <datafield tag="942" ind1=" " ind2=" ">
    <subfield code="c">BK</subfield>
    <subfield code="n">0</subfield>
  </datafield>
  <datafield tag="999" ind1=" " ind2=" ">
    <subfield code="c">33140</subfield>
    <subfield code="d">33140</subfield>
  </datafield>
  <datafield tag="952" ind1=" " ind2=" ">
    <subfield code="0">0</subfield>
    <subfield code="1">0</subfield>
    <subfield code="2">lcc</subfield>
    <subfield code="4">0</subfield>
    <subfield code="7">0</subfield>
    <subfield code="a">ABJ</subfield>
    <subfield code="b">MAIN</subfield>
    <subfield code="d">2025-09-19</subfield>
    <subfield code="e">Legal deposit</subfield>
    <subfield code="i">280573</subfield>
    <subfield code="l">0</subfield>
    <subfield code="o">HM571 .N277</subfield>
    <subfield code="p">280573</subfield>
    <subfield code="r">2025-09-19 09:30:43</subfield>
    <subfield code="t">1</subfield>
    <subfield code="w">2025-09-19</subfield>
    <subfield code="y">BK</subfield>
  </datafield>
  <datafield tag="952" ind1=" " ind2=" ">
    <subfield code="0">0</subfield>
    <subfield code="1">0</subfield>
    <subfield code="2">lcc</subfield>
    <subfield code="4">0</subfield>
    <subfield code="7">0</subfield>
    <subfield code="a">ABE</subfield>
    <subfield code="b">MAIN</subfield>
    <subfield code="d">2025-09-19</subfield>
    <subfield code="e">Legal deposit</subfield>
    <subfield code="i">280555</subfield>
    <subfield code="l">0</subfield>
    <subfield code="o">HM571 .N277</subfield>
    <subfield code="p">280555</subfield>
    <subfield code="r">2025-09-19 09:31:10</subfield>
    <subfield code="t">1</subfield>
    <subfield code="w">2025-09-19</subfield>
    <subfield code="y">BK</subfield>
  </datafield>
  <datafield tag="952" ind1=" " ind2=" ">
    <subfield code="0">0</subfield>
    <subfield code="1">0</subfield>
    <subfield code="2">lcc</subfield>
    <subfield code="4">0</subfield>
    <subfield code="7">0</subfield>
    <subfield code="a">AKU</subfield>
    <subfield code="b">MAIN</subfield>
    <subfield code="d">2025-09-19</subfield>
    <subfield code="e">Legal deposit</subfield>
    <subfield code="i">280550</subfield>
    <subfield code="l">0</subfield>
    <subfield code="o">HM571 .N277</subfield>
    <subfield code="p">280550</subfield>
    <subfield code="r">2025-09-19 09:31:33</subfield>
    <subfield code="t">1</subfield>
    <subfield code="w">2025-09-19</subfield>
    <subfield code="y">BK</subfield>
  </datafield>
  <datafield tag="952" ind1=" " ind2=" ">
    <subfield code="0">0</subfield>
    <subfield code="1">0</subfield>
    <subfield code="2">lcc</subfield>
    <subfield code="4">0</subfield>
    <subfield code="7">0</subfield>
    <subfield code="a">BAU</subfield>
    <subfield code="b">MAIN</subfield>
    <subfield code="d">2025-09-19</subfield>
    <subfield code="e">Legal deposit</subfield>
    <subfield code="i">280567</subfield>
    <subfield code="l">0</subfield>
    <subfield code="o">HM571 .N277</subfield>
    <subfield code="p">280567</subfield>
    <subfield code="r">2025-09-19 09:31:59</subfield>
    <subfield code="t">1</subfield>
    <subfield code="w">2025-09-19</subfield>
    <subfield code="y">BK</subfield>
  </datafield>
  <datafield tag="952" ind1=" " ind2=" ">
    <subfield code="0">0</subfield>
    <subfield code="1">0</subfield>
    <subfield code="2">lcc</subfield>
    <subfield code="4">0</subfield>
    <subfield code="7">0</subfield>
    <subfield code="a">EDO</subfield>
    <subfield code="b">MAIN</subfield>
    <subfield code="d">2025-09-19</subfield>
    <subfield code="e">Legal deposit</subfield>
    <subfield code="i">280562</subfield>
    <subfield code="l">0</subfield>
    <subfield code="o">HM571 .N277</subfield>
    <subfield code="p">280562</subfield>
    <subfield code="r">2025-09-19 09:32:52</subfield>
    <subfield code="t">1</subfield>
    <subfield code="w">2025-09-19</subfield>
    <subfield code="y">BK</subfield>
  </datafield>
  <datafield tag="952" ind1=" " ind2=" ">
    <subfield code="0">0</subfield>
    <subfield code="1">0</subfield>
    <subfield code="2">lcc</subfield>
    <subfield code="4">0</subfield>
    <subfield code="7">0</subfield>
    <subfield code="a">UMU</subfield>
    <subfield code="b">MAIN</subfield>
    <subfield code="d">2025-09-19</subfield>
    <subfield code="e">Legal deposit</subfield>
    <subfield code="i">280571</subfield>
    <subfield code="l">0</subfield>
    <subfield code="o">HM571 .N277</subfield>
    <subfield code="p">280571</subfield>
    <subfield code="r">2025-09-19 09:33:23</subfield>
    <subfield code="t">1</subfield>
    <subfield code="w">2025-09-19</subfield>
    <subfield code="y">BK</subfield>
  </datafield>
  <datafield tag="952" ind1=" " ind2=" ">
    <subfield code="0">0</subfield>
    <subfield code="1">0</subfield>
    <subfield code="2">lcc</subfield>
    <subfield code="4">0</subfield>
    <subfield code="7">0</subfield>
    <subfield code="a">YOL</subfield>
    <subfield code="b">MAIN</subfield>
    <subfield code="d">2025-09-19</subfield>
    <subfield code="e">Legal deposit</subfield>
    <subfield code="i">280565</subfield>
    <subfield code="l">0</subfield>
    <subfield code="o">HM571 .N277</subfield>
    <subfield code="p">280565</subfield>
    <subfield code="r">2025-09-19 09:33:51</subfield>
    <subfield code="t">1</subfield>
    <subfield code="w">2025-09-19</subfield>
    <subfield code="y">BK</subfield>
  </datafield>
  <datafield tag="952" ind1=" " ind2=" ">
    <subfield code="0">0</subfield>
    <subfield code="1">0</subfield>
    <subfield code="2">lcc</subfield>
    <subfield code="4">0</subfield>
    <subfield code="7">0</subfield>
    <subfield code="a">EKI</subfield>
    <subfield code="b">MAIN</subfield>
    <subfield code="d">2025-09-19</subfield>
    <subfield code="e">Legal deposit</subfield>
    <subfield code="i">280551</subfield>
    <subfield code="l">0</subfield>
    <subfield code="o">HM571 .N277</subfield>
    <subfield code="p">280551</subfield>
    <subfield code="r">2025-09-19 09:34:18</subfield>
    <subfield code="t">1</subfield>
    <subfield code="w">2025-09-19</subfield>
    <subfield code="y">BK</subfield>
  </datafield>
  <datafield tag="952" ind1=" " ind2=" ">
    <subfield code="0">0</subfield>
    <subfield code="1">0</subfield>
    <subfield code="2">lcc</subfield>
    <subfield code="4">0</subfield>
    <subfield code="7">0</subfield>
    <subfield code="a">ENU</subfield>
    <subfield code="b">MAIN</subfield>
    <subfield code="d">2025-09-19</subfield>
    <subfield code="e">Legal deposit</subfield>
    <subfield code="i">280561</subfield>
    <subfield code="l">0</subfield>
    <subfield code="o">HM571 .N277</subfield>
    <subfield code="p">280561</subfield>
    <subfield code="r">2025-09-19 09:34:40</subfield>
    <subfield code="t">1</subfield>
    <subfield code="w">2025-09-19</subfield>
    <subfield code="y">BK</subfield>
  </datafield>
  <datafield tag="952" ind1=" " ind2=" ">
    <subfield code="0">0</subfield>
    <subfield code="1">0</subfield>
    <subfield code="2">lcc</subfield>
    <subfield code="4">0</subfield>
    <subfield code="7">0</subfield>
    <subfield code="a">GOM</subfield>
    <subfield code="b">MAIN</subfield>
    <subfield code="d">2025-09-19</subfield>
    <subfield code="e">Legal deposit</subfield>
    <subfield code="i">280559</subfield>
    <subfield code="l">0</subfield>
    <subfield code="o">HM571 .N277</subfield>
    <subfield code="p">280559</subfield>
    <subfield code="r">2025-09-19 09:35:31</subfield>
    <subfield code="t">1</subfield>
    <subfield code="w">2025-09-19</subfield>
    <subfield code="y">BK</subfield>
  </datafield>
  <datafield tag="952" ind1=" " ind2=" ">
    <subfield code="0">0</subfield>
    <subfield code="1">0</subfield>
    <subfield code="2">lcc</subfield>
    <subfield code="4">0</subfield>
    <subfield code="7">0</subfield>
    <subfield code="a">IBA</subfield>
    <subfield code="b">MAIN</subfield>
    <subfield code="d">2025-09-19</subfield>
    <subfield code="e">Legal deposit</subfield>
    <subfield code="i">280557</subfield>
    <subfield code="l">0</subfield>
    <subfield code="o">HM571 .N277</subfield>
    <subfield code="p">280557</subfield>
    <subfield code="r">2025-09-19 09:36:41</subfield>
    <subfield code="t">1</subfield>
    <subfield code="w">2025-09-19</subfield>
    <subfield code="y">BK</subfield>
  </datafield>
  <datafield tag="952" ind1=" " ind2=" ">
    <subfield code="0">0</subfield>
    <subfield code="1">0</subfield>
    <subfield code="2">lcc</subfield>
    <subfield code="4">0</subfield>
    <subfield code="7">0</subfield>
    <subfield code="a">ILO</subfield>
    <subfield code="b">MAIN</subfield>
    <subfield code="d">2025-09-19</subfield>
    <subfield code="e">Legal deposit</subfield>
    <subfield code="i">280569</subfield>
    <subfield code="l">0</subfield>
    <subfield code="o">HM571 .N277</subfield>
    <subfield code="p">280569</subfield>
    <subfield code="r">2025-09-19 09:40:36</subfield>
    <subfield code="t">1</subfield>
    <subfield code="w">2025-09-19</subfield>
    <subfield code="y">BK</subfield>
  </datafield>
  <datafield tag="952" ind1=" " ind2=" ">
    <subfield code="0">0</subfield>
    <subfield code="1">0</subfield>
    <subfield code="2">lcc</subfield>
    <subfield code="4">0</subfield>
    <subfield code="7">0</subfield>
    <subfield code="a">JOS</subfield>
    <subfield code="b">MAIN</subfield>
    <subfield code="d">2025-09-19</subfield>
    <subfield code="e">Legal deposit</subfield>
    <subfield code="i">280563</subfield>
    <subfield code="l">0</subfield>
    <subfield code="o">HM571 .N277</subfield>
    <subfield code="p">280563</subfield>
    <subfield code="r">2025-09-19 09:40:59</subfield>
    <subfield code="t">1</subfield>
    <subfield code="w">2025-09-19</subfield>
    <subfield code="y">BK</subfield>
  </datafield>
  <datafield tag="952" ind1=" " ind2=" ">
    <subfield code="0">0</subfield>
    <subfield code="1">0</subfield>
    <subfield code="2">lcc</subfield>
    <subfield code="4">0</subfield>
    <subfield code="7">0</subfield>
    <subfield code="a">KAD</subfield>
    <subfield code="b">MAIN</subfield>
    <subfield code="d">2025-09-19</subfield>
    <subfield code="e">Legal deposit</subfield>
    <subfield code="i">280566</subfield>
    <subfield code="l">0</subfield>
    <subfield code="o">HM571 .N277</subfield>
    <subfield code="p">280566</subfield>
    <subfield code="r">2025-09-19 09:41:20</subfield>
    <subfield code="t">1</subfield>
    <subfield code="w">2025-09-19</subfield>
    <subfield code="y">BK</subfield>
  </datafield>
  <datafield tag="952" ind1=" " ind2=" ">
    <subfield code="0">0</subfield>
    <subfield code="1">0</subfield>
    <subfield code="2">lcc</subfield>
    <subfield code="4">0</subfield>
    <subfield code="7">0</subfield>
    <subfield code="a">KAN</subfield>
    <subfield code="b">MAIN</subfield>
    <subfield code="d">2025-09-19</subfield>
    <subfield code="e">Legal deposit</subfield>
    <subfield code="i">280558</subfield>
    <subfield code="l">0</subfield>
    <subfield code="o">HM571 .N277</subfield>
    <subfield code="p">280558</subfield>
    <subfield code="r">2025-09-19 09:41:56</subfield>
    <subfield code="t">1</subfield>
    <subfield code="w">2025-09-19</subfield>
    <subfield code="y">BK</subfield>
  </datafield>
  <datafield tag="952" ind1=" " ind2=" ">
    <subfield code="0">0</subfield>
    <subfield code="1">0</subfield>
    <subfield code="2">lcc</subfield>
    <subfield code="4">0</subfield>
    <subfield code="7">0</subfield>
    <subfield code="a">KAT</subfield>
    <subfield code="b">MAIN</subfield>
    <subfield code="d">2025-09-19</subfield>
    <subfield code="e">Legal deposit</subfield>
    <subfield code="i">280568</subfield>
    <subfield code="l">0</subfield>
    <subfield code="o">HM571 .N277</subfield>
    <subfield code="p">280568</subfield>
    <subfield code="r">2025-09-19 09:42:21</subfield>
    <subfield code="t">1</subfield>
    <subfield code="w">2025-09-19</subfield>
    <subfield code="y">BK</subfield>
  </datafield>
  <datafield tag="952" ind1=" " ind2=" ">
    <subfield code="0">0</subfield>
    <subfield code="1">0</subfield>
    <subfield code="2">lcc</subfield>
    <subfield code="4">0</subfield>
    <subfield code="7">0</subfield>
    <subfield code="a">LAF</subfield>
    <subfield code="b">MAIN</subfield>
    <subfield code="d">2025-09-19</subfield>
    <subfield code="e">Legal deposit</subfield>
    <subfield code="i">280572</subfield>
    <subfield code="l">0</subfield>
    <subfield code="o">HM571 .N277</subfield>
    <subfield code="p">280572</subfield>
    <subfield code="r">2025-09-19 09:42:45</subfield>
    <subfield code="t">1</subfield>
    <subfield code="w">2025-09-19</subfield>
    <subfield code="y">BK</subfield>
  </datafield>
  <datafield tag="952" ind1=" " ind2=" ">
    <subfield code="0">0</subfield>
    <subfield code="1">0</subfield>
    <subfield code="2">lcc</subfield>
    <subfield code="4">0</subfield>
    <subfield code="7">0</subfield>
    <subfield code="a">LAG</subfield>
    <subfield code="b">MAIN</subfield>
    <subfield code="d">2025-09-19</subfield>
    <subfield code="e">Legal deposit</subfield>
    <subfield code="i">280564</subfield>
    <subfield code="l">0</subfield>
    <subfield code="o">HM571 .N277</subfield>
    <subfield code="p">280564</subfield>
    <subfield code="r">2025-09-19 09:43:10</subfield>
    <subfield code="t">1</subfield>
    <subfield code="w">2025-09-19</subfield>
    <subfield code="y">BK</subfield>
  </datafield>
  <datafield tag="952" ind1=" " ind2=" ">
    <subfield code="0">0</subfield>
    <subfield code="1">0</subfield>
    <subfield code="2">lcc</subfield>
    <subfield code="4">0</subfield>
    <subfield code="7">0</subfield>
    <subfield code="a">LOK</subfield>
    <subfield code="b">MAIN</subfield>
    <subfield code="d">2025-09-19</subfield>
    <subfield code="e">Legal deposit</subfield>
    <subfield code="i">280552</subfield>
    <subfield code="l">0</subfield>
    <subfield code="o">HM571 .N277</subfield>
    <subfield code="p">280552</subfield>
    <subfield code="r">2025-09-19 09:43:34</subfield>
    <subfield code="t">1</subfield>
    <subfield code="w">2025-09-19</subfield>
    <subfield code="y">BK</subfield>
  </datafield>
  <datafield tag="952" ind1=" " ind2=" ">
    <subfield code="0">0</subfield>
    <subfield code="1">0</subfield>
    <subfield code="2">lcc</subfield>
    <subfield code="4">0</subfield>
    <subfield code="7">0</subfield>
    <subfield code="a">BEN</subfield>
    <subfield code="b">MAIN</subfield>
    <subfield code="d">2025-09-19</subfield>
    <subfield code="e">Legal deposit</subfield>
    <subfield code="i">280553</subfield>
    <subfield code="l">0</subfield>
    <subfield code="o">HM571 .N277</subfield>
    <subfield code="p">280553</subfield>
    <subfield code="r">2025-09-19 09:44:08</subfield>
    <subfield code="t">1</subfield>
    <subfield code="w">2025-09-19</subfield>
    <subfield code="y">BK</subfield>
  </datafield>
  <datafield tag="952" ind1=" " ind2=" ">
    <subfield code="0">0</subfield>
    <subfield code="1">0</subfield>
    <subfield code="2">lcc</subfield>
    <subfield code="4">0</subfield>
    <subfield code="7">0</subfield>
    <subfield code="a">MIN</subfield>
    <subfield code="b">MAIN</subfield>
    <subfield code="d">2025-09-19</subfield>
    <subfield code="e">Legal deposit</subfield>
    <subfield code="i">280554</subfield>
    <subfield code="l">0</subfield>
    <subfield code="o">HM571 .N277</subfield>
    <subfield code="p">280554</subfield>
    <subfield code="r">2025-09-19 09:44:43</subfield>
    <subfield code="t">1</subfield>
    <subfield code="w">2025-09-19</subfield>
    <subfield code="y">BK</subfield>
  </datafield>
  <datafield tag="952" ind1=" " ind2=" ">
    <subfield code="0">0</subfield>
    <subfield code="1">0</subfield>
    <subfield code="2">lcc</subfield>
    <subfield code="4">0</subfield>
    <subfield code="7">0</subfield>
    <subfield code="a">OSO</subfield>
    <subfield code="b">MAIN</subfield>
    <subfield code="d">2025-09-19</subfield>
    <subfield code="e">Legal deposit</subfield>
    <subfield code="i">280556</subfield>
    <subfield code="l">0</subfield>
    <subfield code="o">HM571 .N277</subfield>
    <subfield code="p">280556</subfield>
    <subfield code="r">2025-09-19 09:45:04</subfield>
    <subfield code="t">1</subfield>
    <subfield code="w">2025-09-19</subfield>
    <subfield code="y">BK</subfield>
  </datafield>
  <datafield tag="952" ind1=" " ind2=" ">
    <subfield code="0">0</subfield>
    <subfield code="1">0</subfield>
    <subfield code="2">lcc</subfield>
    <subfield code="4">0</subfield>
    <subfield code="7">0</subfield>
    <subfield code="a">OWE</subfield>
    <subfield code="b">MAIN</subfield>
    <subfield code="d">2025-09-19</subfield>
    <subfield code="e">Legal deposit</subfield>
    <subfield code="i">280560</subfield>
    <subfield code="l">0</subfield>
    <subfield code="o">HM571 .N277</subfield>
    <subfield code="p">280560</subfield>
    <subfield code="r">2025-09-19 09:45:35</subfield>
    <subfield code="t">1</subfield>
    <subfield code="w">2025-09-19</subfield>
    <subfield code="y">BK</subfield>
  </datafield>
  <datafield tag="952" ind1=" " ind2=" ">
    <subfield code="0">0</subfield>
    <subfield code="1">0</subfield>
    <subfield code="2">lcc</subfield>
    <subfield code="4">0</subfield>
    <subfield code="7">0</subfield>
    <subfield code="a">PH</subfield>
    <subfield code="b">MAIN</subfield>
    <subfield code="d">2025-09-19</subfield>
    <subfield code="e">Legal deposit</subfield>
    <subfield code="i">280549</subfield>
    <subfield code="l">0</subfield>
    <subfield code="o">HM571 .N277</subfield>
    <subfield code="p">280549</subfield>
    <subfield code="r">2025-09-19 09:46:48</subfield>
    <subfield code="t">1</subfield>
    <subfield code="w">2025-09-19</subfield>
    <subfield code="y">BK</subfield>
  </datafield>
  <datafield tag="952" ind1=" " ind2=" ">
    <subfield code="0">0</subfield>
    <subfield code="1">0</subfield>
    <subfield code="2">lcc</subfield>
    <subfield code="4">0</subfield>
    <subfield code="7">0</subfield>
    <subfield code="a">YEN</subfield>
    <subfield code="b">MAIN</subfield>
    <subfield code="d">2025-09-19</subfield>
    <subfield code="e">Legal deposit</subfield>
    <subfield code="i">280570</subfield>
    <subfield code="l">0</subfield>
    <subfield code="o">HM571 .N277</subfield>
    <subfield code="p">280570</subfield>
    <subfield code="r">2025-09-19 09:47:19</subfield>
    <subfield code="t">1</subfield>
    <subfield code="w">2025-09-19</subfield>
    <subfield code="y">BK</subfield>
  </datafield>
</record>
